00000000nam 2200000za 4500
0019.603292
003CaOODSP
00520221107134154
007cr |||||||||||
008150406s1999    onc|||||o    f00| 0 fre d
040 |aCaOODSP|bfre
043 |an-cn---
0861 |aM22-132/4-1-2000F-PDF
1101 |aCanada. |bRessources naturelles Canada.
24510|aRapport de la Table des crédits pour mesures hâtives |h[ressource électronique] : |bl'échange volontaire d'émissions de GES : une option à considérer dans la Stratégie nationale de mise en oeuvre.
260 |aOttawa : |bLa Table,|c1999.
300 |a40p.|btableaux
590 |a12-10-Supp|b2012-03-23
77508|tReport of the Credit for Early Action Table |w(CaOODSP)9.573052
7760#|tCrédits pour mesures hâtives : |w(CaOODSP)9.625309
85640|ahttp://publications.gc.ca|qPDF|s129 Ko|uhttps://publications.gc.ca/collections/Collection/M22-132-4-1-2000F.pdf